000
002660000a22000970004500
100
1
_a
Hesselgrave, David J.
245
1
0
_a
To whom are we listening?
300
_a
Vol. 11, Núm 1 (1994), Páginas 3-8
773
0
_t
International Journal of Frontier Misions
942
_c
ANA
999
_c
55404
_d
55404